Guía para la recuperación de información en unidades de información sobre población: conceptos básicos /
Збережено в:
| Співавтори: | , |
|---|---|
| Формат: | Текст |
| Опубліковано: |
s.l:
CELADE
|
| Теги: |
Додати тег
Немає тегів, Будьте першим, хто поставить тег для цього запису!
|
MARC
| LEADER | 00000 a a2200000 04500 | ||
|---|---|---|---|
| 001 | 22236 | ||
| 003 | |||
| 040 | |||
| 090 | |a 150400 | ||
| 110 | |a Centro Latinoamericano de Demografía | ||
| 245 | |a Guía para la recuperación de información en unidades de información sobre población: conceptos básicos / |c Centro Latinoamericano de Demografía | ||
| 260 | |a s.l: |b CELADE | ||
| 300 | |a 14 p |b fonodiscos | ||
| 710 | |a CELADE |a Organización Internacional para las Migraciones |a OIM | ||
| 999 | |c 4914 |d 4914 | ||
